000 00584nam a22001817a 4500
999 _c61610
_d61610
005 20240329140859.0
008 240329s2021 gw ||||| |||| 00| 0 ger d
020 _a9783825255329
041 _ager
080 _a811.112.1 E-71
100 _aErnst, Peter
_921159
245 _aDeutsche Sprachgeschichte :
_bEine Einführung in die diachrone Sprachwissenschaft des Deutschen /
_cPeter Ernst.
250 _a3 Auflage
264 _aRegenburg,
_c2021.
300 _a260 p.:
_bill.;
_c25 cm.
653 _aგერმანული ენის ისტორია
942 _2udc
_cBK